Ottmar Hitzfeld's Bayern - Statistics

General Stats
  • This quiz has been taken 11 times
  • The average score is 50 of 77
Answer Stats
Rank Player Position Nationality Matches Goals Assists % Correct
7 Bixente Lizarazu Left-Back 201 8 18
100%
13 Claudio Pizarro Centre-Forward 157 52 23
100%
4 Giovane Élber Centre-Forward 222 118 44
100%
2 Hasan Salihamidzic Right Midfield 267 37 45
100%
24 Martín Demichelis Centre-Back 77 4 3
100%
1 Oliver Kahn Goalkeeper 348 0 4
100%
16 Owen Hargreaves Defensive Midfield 150 4 20
100%
31 Philipp Lahm Right-Back 60 1 8
100%
9 Roque Santa Cruz Centre-Forward 187 42 16
100%
29 Roy Makaay Centre-Forward 63 38 6
100%
11 Willy Sagnol Right-Back 173 5 26
100%
21 Bastian Schweinsteiger Central Midfield 108 9 19
89%
40 Daniel Van Buyten Centre-Back 43 6 1
89%
42 Hamit Altıntop Right Midfield 40 8 5
89%
49 José Sosa Attacking Midfield 25 0 3
89%
30 Lúcio Centre-Back 62 5 4
89%
34 Lukas Podolski Centre-Forward 56 13 10
89%
27 Mark van Bommel Central Midfield 65 7 8
89%
10 Mehmet Scholl Attacking Midfield 175 43 41
89%
50 Michael Rensing Goalkeeper 22 0 1
89%
36 Miroslav Klose Centre-Forward 47 21 12
89%
35 Niko Kovac Defensive Midfield 51 5 2
89%
20 Robert Kovac Centre-Back 110 0 1
89%
6 Samuel Kuffour Centre-Back 201 7 3
89%
14 Stefan Effenberg Attacking Midfield 154 28 37
89%
18 Zé Roberto Left Midfield 131 9 33
89%
17 Alexander Zickler Centre-Forward 150 37 10
78%
45 Ali Daei Centre-Forward 32 6 1
78%
41 Andreas Ottl Defensive Midfield 43 3 3
78%
12 Carsten Jancker Centre-Forward 157 55 33
78%
28 Christian Lell Right-Back 64 2 4
78%
38 Franck Ribéry Left Winger 46 19 20
78%
25 Lothar Matthäus Defensive Midfield 72 3 5
78%
37 Luca Toni Centre-Forward 46 39 11
78%
15 Michael Tarnat Left-Back 152 10 22
78%
71 Paolo Guerrero Centre-Forward 1 0 0
78%
26 Patrik Andersson Centre-Back 69 1 3
78%
3 Thomas Linke Centre-Back 231 6 6
78%
52 Toni Kroos Central Midfield 20 1 4
78%
62 Ali Karimi Attacking Midfield 6 1 1
67%
54 Bernd Dreher Goalkeeper 14 0 0
67%
33 Ciriaco Sforza Central Midfield 57 1 9
67%
5 Jens Jeremies Defensive Midfield 218 13 11
67%
39 Mario Basler Right Midfield 46 11 10
67%
23 Michael Ballack Central Midfield 78 26 27
67%
46 Pablo Thiam Defensive Midfield 28 0 2
67%
19 Paulo Sérgio Right Winger 125 35 16
67%
56 Piotr Trochowski Attacking Midfield 14 1 0
67%
8 Thorsten Fink Defensive Midfield 187 7 8
67%
77 Valérien Ismaël Centre-Back 1 0 0
67%
68 Breno Centre-Back 2 0 0
56%
44 Marcell Jansen Left-Back 33 0 3
56%
22 Markus Babbel Centre-Back 89 3 7
56%
51 Markus Feulner Central Midfield 21 1 2
56%
57 Andreas Görlitz Right-Back 13 0 0
44%
72 Mats Hummels Centre-Back 1 0 0
44%
59 Sandro Wagner Centre-Forward 8 1 1
44%
48 Sebastian Deisler Right Midfield 25 4 8
44%
47 Thomas Helmer Centre-Back 27 3 1
44%
32 Thomas Strunz Defensive Midfield 60 5 10
44%
58 Tobias Rau Left-Back 11 0 1
44%
63 Zvjezdan Misimovic Attacking Midfield 4 0 0
44%
75 Julio dos Santos Central Midfield 1 0 0
33%
53 Stefan Wessels Goalkeeper 18 0 0
33%
70 Andrew Sinkala Centre-Back 2 0 0
22%
60 Antonio Di Salvo Centre-Forward 8 0 0
22%
67 David Jarolím Central Midfield 3 0 0
22%
43 Michael Wiesinger Right Midfield 35 2 5
22%
65 Berkant Göktan Centre-Forward 3 0 0
11%
55 Jan Schlaudraff Second Striker 14 0 1
11%
74 Louis Ngwat-Mahop Centre-Forward 1 0 0
11%
61 Slawomir Wojciechowski Left Midfield 7 1 0
11%
73 Stephan Fürstner Defensive Midfield 1 0 0
11%
64 Sven Scheuer Goalkeeper 3 0 0
11%
69 Alexander Bugera Left-Back 2 0 0
0%
66 Nils-Eric Johansson Left-Back 3 0 0
0%
76 Steffen Hofmann Attacking Midfield 1 0 0
0%
No matching quizzes found
Score Distribution
Percent of People with Each Score
Percentile by Number Answered
Your Score History
You have not taken this quiz